[Event "BCF-chT2 2324 (4NCL)"]
[Site "England"]
[Date "2023.11.11"]
[Round "2.62"]
[White "Korshunov, Sergey And"]
[Black "Roe, Simon J"]
[Result "1-0"]
[WhiteElo "2226"]
[BlackElo "2165"]
[PlyCount "63"]
[EventDate "2023.11.11"]
[EventType "team-tourn"]
[EventRounds "11"]
[EventCountry "ENG"]
[SourceTitle "CB46_2023"]
[SourceDate "2023.11.15"]
[SourceVersion "1"]
[SourceVersionDate "2023.11.15"]
[SourceQuality "1"]
[WhiteTeam "Anglian Avengers"]
[BlackTeam "The ADS"]
[WhiteTeamCountry "ENG"]
[BlackTeamCountry "ENG"]

1. e4 c5 2. Nf3 e6 3. c3 d5 4. e5 d4 5. d3 Nc6 6. g3 Nge7 7. Bg2 Ng6 8. Qe2 Qc7 9. Na3 a6 10. 0-0 Ncxe5 11. Nxe5 Qxe5 12. Be4 Qc7 13. h4 Bd6 14. cxd4 cxd4 15. Nc4 0-0 16. h5 Ne7 17. Nxd6 Qxd6 18. Bf4 Qd8 19. h6 Ng6 20. hxg7 Kxg7 21. Qh5 f5 22. Bg5 Qb6 23. Bh6+ Kg8 24. Bxf8 fxe4 25. Bc5 Qd8 26. dxe4 b6 27. Bb4 Bb7 28. Rfe1 Qf6 29. Rac1 Qg7 30. Bd6 Rd8 31. Rc7 Rd7 32. Rec1 1-0

[Event "BCF-chT2 2223 (4NCL)"]
[Site "England"]
[Date "2023.03.19"]
[Round "8.25"]
[White "Roe, Simon J"]
[Black "White, Stuart A"]
[Result "1-0"]
[WhiteElo "2146"]
[BlackElo "2051"]
[PlyCount "123"]
[EventDate "2022.10.22"]
[EventType "team-tourn"]
[EventRounds "11"]
[EventCountry "ENG"]
[SourceTitle "EXT 2024"]
[Source "ChessBase"]
[SourceDate "2023.10.10"]
[SourceVersion "1"]
[SourceVersionDate "2023.10.10"]
[SourceQuality "1"]
[WhiteTeam "The ADS"]
[BlackTeam "Alba"]
[WhiteTeamCountry "ENG"]
[BlackTeamCountry "ENG"]

1. c4 c6 2. Nf3 d5 3. e3 Nf6 4. Nc3 e6 5. b3 Bd6 6. Bb2 0-0 7. Be2 b6 8. Qc2 Bb7 9. 0-0 Nbd7 10. Rac1 Rc8 11. d4 Qe7 12. Rfe1 Rfe8 13. e4 dxe4 14. Nxe4 Nxe4 15. Qxe4 Nf6 16. Qh4 Bb4 17. Red1 Ba3 18. Bxa3 Qxa3 19. Rc2 c5 20. dxc5 Qxc5 21. Qd4 Qc6 22. Qd6 Qxd6 23. Rxd6 Rcd8 24. Rcd2 Rxd6 25. Rxd6 e5 26. b4 Kf8 27. Nh4 Rc8 28. Nf5 Be4 29. Ne3 Ke7 30. Rd2 Rd8 31. Rxd8 Kxd8 32. f3 Bb1 33. a3 Kd7 34. Kf2 Kd6 35. Nd1 Ne8 36. Nc3 Bc2 37. Nb5+ Kd7 38. Nxa7 Nd6 39. c5 bxc5 40. bxc5 Nf5 41. Bb5+ Kc7 42. Nc6 f6 43. g4 Nh4 44. Nb4 Bb3 45. Bd3 Ng6 46. Ke3 Nf8 47. Be4 Bc4 48. Kd2 g6 49. Kc3 Be6 50. Na6+ Kc8 51. c6 h5 52. gxh5 gxh5 53. Kb4 f5 54. Bd3 Ng6 55. Kc5 Nf4 56. Bc2 e4 57. fxe4 fxe4 58. Bxe4 Nh3 59. Kb6 Ng5 60. Bh1 Bg4 61. Bg2 h4 62. Nc5 1-0

[Event "Benidorm op-A"]
[Site "Benidorm"]
[Date "2022.12.11"]
[Round "9"]
[White "Sarveshwaran, V."]
[Black "Roe, Simon J"]
[Result "1-0"]
[WhiteElo "2040"]
[BlackElo "2146"]
[PlyCount "59"]
[EventDate "2022.12.03"]
[EventType "swiss"]
[EventRounds "9"]
[EventCountry "ESP"]
[SourceTitle "CBM 211 Extra"]
[Source "ChessBase"]
[SourceDate "2023.01.31"]
[SourceVersion "1"]
[SourceVersionDate "2023.01.31"]
[SourceQuality "1"]

1. e4 Nf6 2. e5 Nd5 3. d4 d6 4. c4 Nb6 5. exd6 cxd6 6. Nc3 g6 7. Be3 Bg7 8. h3 0-0 9. Nf3 Bf5 10. Be2 Nc6 11. 0-0 d5 12. b3 dxc4 13. bxc4 Na5 14. c5 Nbc4 15. Bf4 Rc8 16. Bxc4 Nxc4 17. Qe2 Na5 18. Rfd1 Nc6 19. Rac1 Qa5 20. Qe3 Rfe8 21. Bh6 Bh8 22. d5 Nb4 23. Nd4 Bd7 24. a3 Na6 25. c6 bxc6 26. dxc6 Bxc6 27. Nxc6 Rxc6 28. Nd5 Rxc1 29. Nxe7+ Rxe7 30. Rxc1 1-0

[Event "Benidorm op-A"]
[Site "Benidorm"]
[Date "2022.12.08"]
[Round "6"]
[White "Ram, Aravind LN"]
[Black "Roe, Simon J"]
[Result "1-0"]
[WhiteElo "2272"]
[BlackElo "2146"]
[PlyCount "69"]
[EventDate "2022.12.03"]
[EventType "swiss"]
[EventRounds "9"]
[EventCountry "ESP"]
[SourceTitle "CBM 211 Extra"]
[Source "ChessBase"]
[SourceDate "2023.01.31"]
[SourceVersion "1"]
[SourceVersionDate "2023.01.31"]
[SourceQuality "1"]

1. e4 e5 2. Nf3 d6 3. d4 exd4 4. Nxd4 Nf6 5. Nc3 Be7 6. Be2 0-0 7. 0-0 c5 8. Nb3 Nc6 9. f4 Re8 10. Bf3 Bf8 11. Be3 Be6 12. g4 d5 13. exd5 Bxd5 14. Nxd5 Nxd5 15. Bxc5 Nxf4 16. Bxc6 Ne2+ 17. Kg2 bxc6 18. Bxf8 Kxf8 19. Rf2 Qxd1 20. Rxd1 g5 21. Rf5 Nf4+ 22. Kf3 h6 23. Rd7 Re7 24. Rxe7 Kxe7 25. Ra5 Ne6 26. Ra6 Kd7 27. c4 h5 28. gxh5 f5 29. h6 Kc7 30. Ra5 c5 31. Ra6 Re8 32. h7 Kd7 33. Rxa7+ Kd6 34. Rf7 Ke5 35. Re7 1-0

[Event "Benidorm op-A"]
[Site "Benidorm"]
[Date "2022.12.03"]
[Round "1"]
[White "Sattarov, Bobir"]
[Black "Roe, Simon J"]
[Result "1-0"]
[WhiteElo "2389"]
[BlackElo "2146"]
[PlyCount "63"]
[EventDate "2022.12.03"]
[EventType "swiss"]
[EventRounds "9"]
[EventCountry "ESP"]
[SourceTitle "CBM 211 Extra"]
[Source "ChessBase"]
[SourceDate "2023.01.31"]
[SourceVersion "1"]
[SourceVersionDate "2023.01.31"]
[SourceQuality "1"]

1. e4 Nf6 2. e5 Nd5 3. c4 Nb6 4. d4 d6 5. exd6 exd6 6. Nc3 Be7 7. Bd3 Nc6 8. Nge2 Bg4 9. Be3 Bf6 10. f3 Bh5 11. 0-0 Bg6 12. b3 d5 13. c5 Nc8 14. f4 0-0 15. f5 Bh5 16. Qd2 Re8 17. Kh1 Bxe2 18. Nxe2 Nb4 19. Bb1 b6 20. a3 Nc6 21. Ra2 Na5 22. Qd3 Rb8 23. b4 Nc4 24. Bc1 a5 25. Nf4 bxc5 26. dxc5 c6 27. Nh5 axb4 28. Qg3 Be5 29. Bf4 g6 30. fxg6 fxg6 31. Bxg6 Kf8 32. Bxe8 1-0

[Event "Basel op"]
[Site "Basel"]
[Date "2019.01.06"]
[Round "7"]
[White "Heinemann, Josefine"]
[Black "Roe, Simon J"]
[Result "1-0"]
[WhiteElo "2304"]
[BlackElo "2210"]
[PlyCount "77"]
[EventDate "2019.01.02"]
[EventType "swiss"]
[EventRounds "7"]
[EventCountry "SUI"]
[SourceTitle "CBM 188 Extra"]
[Source "ChessBase"]
[SourceDate "2019.02.26"]
[SourceVersion "1"]
[SourceVersionDate "2019.02.26"]
[SourceQuality "1"]

1. e4 Nf6 2. e5 Nd5 3. d4 d6 4. c4 Nb6 5. exd6 exd6 6. Nc3 Be7 7. Bd3 Nc6 8. Nge2 Bg4 9. Be3 Bf6 10. f3 Bh5 11. 0-0 Bg6 12. Bxg6 hxg6 13. b3 d5 14. c5 Nc8 15. b4 N8e7 16. b5 Na5 17. g4 Nc4 18. Bf2 g5 19. Re1 Kf8 20. Qd3 Ng6 21. Bg3 Nh4 22. Kf2 Qd7 23. a4 g6 24. Rab1 Kg7 25. Nc1 Rae8 26. Nb3 c6 27. h3 Rxe1 28. Rxe1 Re8 29. Rxe8 Qxe8 30. a5 a6 31. b6 Qe6 32. Qe2 Kf8 33. Qxe6 fxe6 34. Nb5 Ke7 35. Nc7 e5 36. Nxa6 Kd7 37. Nb4 Kc8 38. a6 bxa6 39. Nxa6 1-0

[Event "London Classic op 10th"]
[Site "London"]
[Date "2018.12.16"]
[Round "9"]
[White "Roe, Simon J"]
[Black "Bin Suhayl, Ieysaa"]
[Result "0-1"]
[WhiteElo "2223"]
[BlackElo "2038"]
[PlyCount "108"]
[EventDate "2018.12.09"]
[EventType "swiss"]
[EventRounds "9"]
[EventCountry "ENG"]
[SourceTitle "CBM 187 Extra"]
[Source "ChessBase"]
[SourceDate "2018.11.04"]
[SourceVersion "1"]
[SourceVersionDate "2018.11.04"]
[SourceQuality "1"]

1. Nf3 Nf6 2. c4 c5 3. g3 Nc6 4. Bg2 d6 5. Nc3 g6 6. d4 cxd4 7. Nxd4 Bd7 8. Nc2 Bg7 9. Bd2 0-0 10. Rc1 Rb8 11. Ne3 Ne5 12. b3 a6 13. a4 Bc6 14. Ncd5 e6 15. Nxf6+ Bxf6 16. 0-0 Bxg2 17. Kxg2 a5 18. Bc3 Qb6 19. Qc2 Bg7 20. Qb2 Rfd8 21. Bd4 Qc6+ 22. Kg1 f6 23. Ng2 Qc7 24. Nf4 Kf7 25. Rfd1 Bf8 26. Qc3 Be7 27. Qe3 b6 28. Rc3 g5 29. Bxe5 dxe5 30. Nd3 Rd4 31. Rcc1 Rbd8 32. Qf3 e4 33. Qh5+ Kg7 34. Nb2 Rd2 35. Rxd2 Rxd2 36. Rd1 e3 37. Rxd2 exd2 38. e3 Qd7 39. Qe2 Bb4 40. g4 e5 41. e4 Qd4 42. Nd1 Qa1 43. Kg2 Qb1 44. Qf3 Qc2 45. Kg3 Be7 46. h3 Kf8 47. Kg2 Ke8 48. Kf1 Kd7 49. Ke2 Ke8 50. Qd3 Qa2 51. Ne3 Bb4 52. Nd5 Qa1 53. Nc7+ Ke7 54. Nd5+ Kf7 0-1

[Event "London Classic op 10th"]
[Site "London"]
[Date "2018.12.12"]
[Round "4"]
[White "Roe, Simon J"]
[Black "Prior, Stephen"]
[Result "1-0"]
[WhiteElo "2223"]
[BlackElo "2065"]
[PlyCount "91"]
[EventDate "2018.12.09"]
[EventType "swiss"]
[EventRounds "9"]
[EventCountry "ENG"]
[SourceTitle "CBM 187 Extra"]
[Source "ChessBase"]
[SourceDate "2018.11.04"]
[SourceVersion "1"]
[SourceVersionDate "2018.11.04"]
[SourceQuality "1"]

1. Nf3 b6 2. g3 Bb7 3. Bg2 Nf6 4. 0-0 e6 5. c4 c5 6. Nc3 Be7 7. d4 cxd4 8. Qxd4 d6 9. Bg5 a6 10. Bxf6 gxf6 11. Rfd1 Nc6 12. Qd2 Qc7 13. Rac1 Ne5 14. Nxe5 fxe5 15. e4 h5 16. h4 f6 17. b4 Kf7 18. Qe2 Rac8 19. Na4 f5 20. c5 dxc5 21. bxc5 bxc5 22. exf5 Bxg2 23. fxe6+ Kf6 24. Kxg2 Qc6+ 25. Kh2 Qxa4 26. Rd5 e4 27. Rc4 Qc6 28. Qb2+ Kg6 29. Qe5 Rcf8 30. Qxe4+ Kg7 31. Rg5+ Bxg5 32. Qxc6 Rxf2+ 33. Kh3 Be7 34. Rxc5 Rd8 35. Rxh5 Rdd2 36. Qc3+ Kg6 37. Ra5 Bf6 38. h5+ Kg7 39. Qc7+ Kh6 40. e7 Rh2+ 41. Kg4 Rd4+ 42. Kf3 Rd3+ 43. Ke4 Rd4+ 44. Ke3 Rdd2 45. Qf4+ Kg7 46. e8N+ 1-0

[Event "Bodensee op"]
[Site "Bregenz"]
[Date "2018.05.13"]
[Round "9"]
[White "Ladisic, Alex Sacha"]
[Black "Roe, Simon J"]
[Result "0-1"]
[WhiteElo "1988"]
[BlackElo "2224"]
[PlyCount "76"]
[EventDate "2018.05.05"]
[EventType "swiss"]
[EventRounds "9"]
[EventCountry "AUT"]
[SourceTitle "CBM 184 Extra"]
[Source "ChessBase"]
[SourceDate "2018.06.28"]
[SourceVersion "1"]
[SourceVersionDate "2018.06.28"]
[SourceQuality "1"]

1. e4 Nf6 2. e5 Nd5 3. d4 d6 4. c4 Nb6 5. exd6 exd6 6. Nc3 Nc6 7. Be3 Be7 8. Bd3 0-0 9. Nge2 Re8 10. b3 Bf6 11. 0-0 Bg4 12. Qd2 Nb4 13. Bb1 Bxe2 14. Nxe2 a5 15. Rd1 d5 16. c5 Nc8 17. a3 Nc6 18. Bd3 N8e7 19. b4 Qd7 20. b5 Nd8 21. Qc2 g6 22. Ng3 Ne6 23. Bf1 h5 24. f3 h4 25. Ne2 Nf5 26. Bf2 Ng5 27. Nf4 h3 28. Nxh3 Nxh3+ 29. gxh3 Ne3 30. Bxe3 Rxe3 31. a4 Qe7 32. Rd3 Re8 33. Raa3 Bxd4 34. Rxe3 Bxe3+ 35. Kh1 Bxc5 36. Rd3 b6 37. Rxd5 Qe3 38. Qg2 Qc1 0-1

[Event "Bodensee op"]
[Site "Bregenz"]
[Date "2018.05.07"]
[Round "3"]
[White "Pruijssers, Roeland"]
[Black "Roe, Simon J"]
[Result "1-0"]
[WhiteElo "2519"]
[BlackElo "2224"]
[PlyCount "49"]
[EventDate "2018.05.05"]
[EventType "swiss"]
[EventRounds "9"]
[EventCountry "AUT"]
[SourceTitle "CBM 184 Extra"]
[Source "ChessBase"]
[SourceDate "2018.06.28"]
[SourceVersion "1"]
[SourceVersionDate "2018.06.28"]
[SourceQuality "1"]

1. e4 g6 2. d4 Bg7 3. Nc3 c6 4. Nf3 d6 5. Be3 Nd7 6. Qd2 Qc7 7. 0-0-0 b5 8. Bd3 Nb6 9. e5 d5 10. Bf4 e6 11. Kb1 a5 12. h4 b4 13. Ne2 h5 14. Ng5 Ne7 15. g4 hxg4 16. h5 gxh5 17. Nh7 Nc4 18. Qc1 Ng6 19. Rxh5 Ba6 20. Nf6+ Kf8 21. Bxg6 fxg6 22. Rxh8+ Bxh8 23. Rh1 Bg7 24. Rh7 Ra7 25. Bh6 1-0

[Event "Bodensee op"]
[Site "Bregenz"]
[Date "2018.05.06"]
[Round "2"]
[White "Roe, Simon J"]
[Black "Reitemann, Jonathan"]
[Result "1-0"]
[WhiteElo "2224"]
[BlackElo "1882"]
[PlyCount "73"]
[EventDate "2018.05.05"]
[EventType "swiss"]
[EventRounds "9"]
[EventCountry "AUT"]
[SourceTitle "CBM 184 Extra"]
[Source "ChessBase"]
[SourceDate "2018.06.28"]
[SourceVersion "1"]
[SourceVersionDate "2018.06.28"]
[SourceQuality "1"]

1. b3 e5 2. Bb2 Nc6 3. e3 g6 4. f4 Bg7 5. Nf3 d6 6. Bc4 Nge7 7. fxe5 Nxe5 8. Nxe5 dxe5 9. Nc3 0-0 10. 0-0 Be6 11. Bxe6 fxe6 12. Rxf8+ Qxf8 13. Qe2 Nd5 14. Qc4 c6 15. Ne4 Qe7 16. a4 Rd8 17. g3 Nb6 18. Qe2 Nd5 19. Ba3 Qc7 20. Qg4 Nf6 21. Qxe6+ Qf7 22. Qxf7+ Kxf7 23. Rf1 h6 24. d3 b6 25. Nxf6 Bxf6 26. e4 Ke6 27. Bc1 h5 28. Kg2 Be7 29. Be3 Rd7 30. h3 Bf6 31. Kf3 Rf7 32. Ke2 Rd7 33. Ra1 Bd8 34. Rg1 Bf6 35. Rh1 Rh7 36. Kf3 Rf7 37. Kg2 1-0

[Event "Reykjavik op"]
[Site "Reykjavik"]
[Date "2018.03.13"]
[Round "8"]
[White "Roe, Simon J"]
[Black "Arnalds, Stefan"]
[Result "1-0"]
[WhiteElo "2221"]
[BlackElo "1999"]
[PlyCount "67"]
[EventDate "2018.03.06"]
[EventType "swiss"]
[EventRounds "9"]
[EventCountry "ISL"]
[SourceTitle "CBM 183 Extra"]
[Source "ChessBase"]
[SourceDate "2018.04.19"]
[SourceVersion "1"]
[SourceVersionDate "2018.04.19"]
[SourceQuality "1"]

1. c4 Nf6 2. Nc3 g6 3. g3 Bg7 4. Bg2 0-0 5. d4 c5 6. Nf3 cxd4 7. Nxd4 Nc6 8. 0-0 Qa5 9. Nb3 Qh5 10. Nd5 d6 11. Nf4 Qe5 12. Re1 a5 13. a4 Be6 14. Bd2 Bxc4 15. Bc3 Bxb3 16. Qxb3 Qc5 17. Qxb7 Nb4 18. Bxb4 axb4 19. Nd3 Qh5 20. Qxe7 Rae8 21. Qxd6 Rxe2 22. Nf4 Rxe1+ 23. Rxe1 Qa5 24. b3 Rd8 25. Qc6 Qa7 26. h3 Qd4 27. Qf3 h5 28. Bf1 h4 29. Bc4 hxg3 30. Qxg3 Ne4 31. Bxf7+ Kxf7 32. Qxg6+ Kg8 33. Rxe4 Qd1+ 34. Kg2 1-0

[Event "Reykjavik op"]
[Site "Reykjavik"]
[Date "2018.03.11"]
[Round "6"]
[White "Roe, Simon J"]
[Black "Puglia, Francesco"]
[Result "1-0"]
[WhiteElo "2221"]
[BlackElo "1878"]
[PlyCount "49"]
[EventDate "2018.03.06"]
[EventType "swiss"]
[EventRounds "9"]
[EventCountry "ISL"]
[SourceTitle "CBM 183 Extra"]
[Source "ChessBase"]
[SourceDate "2018.04.19"]
[SourceVersion "1"]
[SourceVersionDate "2018.04.19"]
[SourceQuality "1"]

1. Nf3 g6 2. c4 Bg7 3. d4 Nf6 4. g3 d5 5. cxd5 Nxd5 6. Bg2 0-0 7. 0-0 Na6 8. Nc3 c5 9. e4 Nxc3 10. bxc3 Bg4 11. Be3 e5 12. dxe5 Qc7 13. Qc2 Rad8 14. Bg5 Rd7 15. Bf4 Re7 16. e6 Qb6 17. exf7+ Rfxf7 18. Rab1 Qa5 19. Ng5 Rf6 20. e5 Rb6 21. Bd5+ Kh8 22. Rxb6 Qxb6 23. Nf7+ Rxf7 24. Bxf7 Qc6 25. Qd3 1-0

[Event "Reykjavik op"]
[Site "Reykjavik"]
[Date "2018.03.06"]
[Round "1"]
[White "Lagarde, Maxime"]
[Black "Roe, Simon J"]
[Result "1-0"]
[WhiteElo "2587"]
[BlackElo "2221"]
[PlyCount "55"]
[EventDate "2018.03.06"]
[EventType "swiss"]
[EventRounds "9"]
[EventCountry "ISL"]
[SourceTitle "CBM 183 Extra"]
[Source "ChessBase"]
[SourceDate "2018.04.19"]
[SourceVersion "1"]
[SourceVersionDate "2018.04.19"]
[SourceQuality "1"]

1. Nf3 c5 2. e4 e6 3. d4 cxd4 4. Nxd4 a6 5. c4 Nf6 6. Nc3 Qc7 7. Be2 Bb4 8. 0-0 Bxc3 9. bxc3 Nxe4 10. Qd3 Nc5 11. Qe3 0-0 12. Ba3 d6 13. f4 Nbd7 14. Rad1 Nf6 15. Bf3 Rb8 16. Rd2 Re8 17. Nb3 b6 18. Rfd1 e5 19. Rxd6 exf4 20. Qxf4 Be6 21. Qd4 Nxb3 22. axb3 b5 23. Rxa6 Rbc8 24. Ra7 Qd8 25. Qxd8 Rexd8 26. Rxd8+ Rxd8 27. cxb5 Bxb3 28. b6 1-0

[Event "Coventry 4NCL op-A 16th"]
[Site "Coventry"]
[Date "2017.11.05"]
[Round "5"]
[White "Roe, Simon J"]
[Black "Okhai, Shabir"]
[Result "1-0"]
[WhiteElo "2235"]
[BlackElo "2075"]
[PlyCount "82"]
[EventDate "2017.11.03"]
[EventType "swiss"]
[EventRounds "5"]
[EventCountry "ENG"]
[SourceTitle "CBM 181 Extra"]
[Source "ChessBase"]
[SourceDate "2017.12.12"]
[SourceVersion "1"]
[SourceVersionDate "2017.12.12"]
[SourceQuality "1"]

1. Nf3 d5 2. c4 e6 3. g3 dxc4 4. Bg2 Nd7 5. 0-0 Ngf6 6. Qa4 a6 7. Qxc4 b5 8. Qc2 Bb7 9. d3 c5 10. Nc3 Be7 11. e4 0-0 12. h3 Qc7 13. Be3 Rac8 14. b3 Rfd8 15. a4 b4 16. Nd1 a5 17. Nb2 Nb6 18. Rac1 Qb8 19. Nd2 Nfd7 20. f4 Qa8 21. Nbc4 Qa6 22. Rcd1 Nxc4 23. Nxc4 Nb6 24. Qf2 Nxc4 25. dxc4 Qb6 26. e5 Bxg2 27. Qxg2 h6 28. Qf3 Rxd1 29. Rxd1 Rd8 30. Kf2 Rxd1 31. Qxd1 Qc6 32. Qf3 Qxf3+ 33. Kxf3 g6 34. g4 Kh7 35. Ke4 Bf8 36. Bg1 Kh8 37. Bf2 Kh7 38. Bh4 h5 39. Bd8 hxg4 40. hxg4 Kh6 41. Bxa5 g5 1-0

[Event "Coventry 4NCL op-A 16th"]
[Site "Coventry"]
[Date "2017.11.05"]
[Round "4"]
[White "Roe, Simon J"]
[Black "Varney, Zoe"]
[Result "1/2-1/2"]
[WhiteElo "2235"]
[BlackElo "2042"]
[PlyCount "96"]
[EventDate "2017.11.03"]
[EventType "swiss"]
[EventRounds "5"]
[EventCountry "ENG"]
[SourceTitle "CBM 181 Extra"]
[Source "ChessBase"]
[SourceDate "2017.12.12"]
[SourceVersion "1"]
[SourceVersionDate "2017.12.12"]
[SourceQuality "1"]

1. Nf3 d5 2. c4 e6 3. g3 Nf6 4. Bg2 Be7 5. 0-0 0-0 6. b3 c5 7. Bb2 Nc6 8. e3 b6 9. Nc3 Bb7 10. cxd5 exd5 11. d4 Ne4 12. dxc5 Nxc3 13. Bxc3 bxc5 14. Qd2 Qd6 15. Qb2 Rfd8 16. Rfd1 Qg6 17. Rd2 Rd6 18. Rad1 Rad8 19. Ne1 d4 20. exd4 cxd4 21. Bxd4 Nxd4 22. Rxd4 Bxg2 23. Rxd6 Rxd6 24. Rxd6 Qxd6 25. Kxg2 Bf6 26. Qe2 g6 27. Nd3 Kg7 28. Qf3 Qa6 29. a4 Qb6 30. Qd5 Bd4 31. b4 Bc3 32. b5 Qa5 33. Qc4 Bf6 34. Qb4 Qd8 35. Qe4 Qa5 36. Nf4 Qd2 37. Nd5 Bd4 38. Qf4 Qb2 39. Ne7 Be5 40. Qf3 Qc2 41. Nc6 Bc7 42. a5 Qc5 43. Qd3 a6 44. Qd7 Bd6 45. bxa6 Qd5+ 46. Kg1 Qd1+ 47. Kg2 Qd5+ 48. Kg1 Qd1+ 1/2-1/2

[Event "Coventry 4NCL op-A 16th"]
[Site "Coventry"]
[Date "2017.11.04"]
[Round "2"]
[White "Yoon, Jacob D"]
[Black "Roe, Simon J"]
[Result "1-0"]
[WhiteElo "2009"]
[BlackElo "2235"]
[PlyCount "89"]
[EventDate "2017.11.03"]
[EventType "swiss"]
[EventRounds "5"]
[EventCountry "ENG"]
[SourceTitle "CBM 181 Extra"]
[Source "ChessBase"]
[SourceDate "2017.12.12"]
[SourceVersion "1"]
[SourceVersionDate "2017.12.12"]
[SourceQuality "1"]

1. e4 Nf6 2. e5 Nd5 3. d4 d6 4. c4 Nb6 5. exd6 exd6 6. Nf3 Be7 7. Bd3 Bg4 8. 0-0 0-0 9. h3 Bh5 10. Nbd2 Nc6 11. Qc2 Bg6 12. Bxg6 hxg6 13. d5 Nb4 14. Qb3 a5 15. Ne4 Re8 16. Bd2 Qd7 17. a3 Na6 18. Bxa5 f5 19. Ned2 Nc5 20. Qb4 Nd3 21. Qb3 Nc5 22. Qb4 Nba4 23. b3 b6 24. bxa4 Rxa5 25. Nb3 Rxa4 26. Nxc5 bxc5 27. Qb3 Bf6 28. Ra2 Re4 29. Nd2 Re2 30. Nf3 Rxa2 31. Qxa2 Qe8 32. Re1 Qa8 33. Re3 Kh7 34. Qb3 Ra7 35. h4 Qb7 36. Qd3 Ra8 37. Kh2 Qb2 38. h5 Qxf2 39. Re2 Qf1 40. hxg6+ Kxg6 41. Nh4+ Kh7 42. Nxf5 Rxa3 43. Qe4 Be5+ 44. Ng3+ Kg8 45. Qxe5 1-0

[Event "Amsterdam Science Park op-A"]
[Site "Amsterdam"]
[Date "2017.07.10"]
[Round "3"]
[White "Schoehuys, Erik"]
[Black "Roe, Simon J"]
[Result "0-1"]
[WhiteElo "2130"]
[BlackElo "2253"]
[PlyCount "80"]
[EventDate "2017.07.08"]
[EventType "swiss"]
[EventRounds "9"]
[EventCountry "NED"]
[SourceTitle "CBM 179 Extra"]
[Source "ChessBase"]
[SourceDate "2017.08.23"]
[SourceVersion "1"]
[SourceVersionDate "2017.08.23"]
[SourceQuality "1"]

1. d4 d5 2. c4 dxc4 3. Nf3 Nf6 4. e3 Bg4 5. Bxc4 e6 6. h3 Bh5 7. Nc3 Nc6 8. Bb5 Bd6 9. Qa4 Bxf3 10. gxf3 0-0 11. Bxc6 bxc6 12. Qxc6 Rb8 13. f4 Nd5 14. Ke2 Qh4 15. b3 Qh5+ 16. f3 Qg6 17. Ne4 Qg2+ 18. Nf2 Ne7 19. Qc2 Nf5 20. Kd3 Qxf3 21. h4 c5 22. Rh3 Qg2 23. Qe2 Qc6 24. Bb2 cxd4 25. e4 Qb5+ 26. Kd2 Bxf4+ 27. Ke1 Qb4+ 28. Kf1 Ng3+ 29. Rxg3 Bxg3 30. Nd3 Qe7 31. Kg2 Bc7 32. Bxd4 Rfd8 33. Bxa7 Rbc8 34. Bf2 Qd6 35. Rd1 Qh2+ 36. Kf1 Qh1+ 37. Bg1 Bb6 38. Qg2 Qxg2+ 39. Kxg2 Bxg1 40. Kxg1 Rc3 0-1

[Event "Basel op"]
[Site "Basel"]
[Date "2017.01.04"]
[Round "4"]
[White "Roe, Simon J"]
[Black "Schneider, Jana"]
[Result "1-0"]
[WhiteElo "2211"]
[BlackElo "2274"]
[PlyCount "55"]
[EventDate "2017.01.02"]
[EventType "swiss"]
[EventRounds "9"]
[EventCountry "SUI"]
[SourceTitle "CBM 176 Extra"]
[Source "ChessBase"]
[SourceDate "2017.03.02"]
[SourceVersion "1"]
[SourceVersionDate "2017.03.02"]
[SourceQuality "1"]

1. Nf3 Nf6 2. c4 e6 3. g3 Be7 4. Bg2 d5 5. 0-0 0-0 6. b3 c6 7. Bb2 Nbd7 8. Nc3 Re8 9. Qc2 Nf8 10. d4 b6 11. e4 Ba6 12. Rfe1 Rc8 13. Rad1 dxc4 14. bxc4 Bxc4 15. Ne5 Ba6 16. d5 cxd5 17. exd5 exd5 18. Qb3 Bd6 19. Nxd5 Bxe5 20. Bxe5 Nxd5 21. Bxd5 Qe7 22. Qa4 Bb7 23. Qg4 Ng6 24. Bc3 Qc7 25. Rxe8+ Rxe8 26. Qd4 Ne5 27. Bxb7 Qxb7 28. Qxe5 1-0

[Event "Helsingor Xtracon op"]
[Site "Helsingor"]
[Date "2016.07.30"]
[Round "9"]
[White "Andersen, Per Oscar"]
[Black "Roe, Simon J"]
[Result "1/2-1/2"]
[WhiteElo "1962"]
[BlackElo "2238"]
[PlyCount "57"]
[EventDate "2016.07.23"]
[EventType "swiss"]
[EventRounds "10"]
[EventCountry "DEN"]
[SourceTitle "CBM 173 Extra"]
[Source "ChessBase"]
[SourceDate "2016.08.29"]
[SourceVersion "1"]
[SourceVersionDate "2016.08.29"]
[SourceQuality "1"]

1. d4 d5 2. c4 dxc4 3. Nf3 Nf6 4. e3 Bg4 5. Bxc4 e6 6. 0-0 a6 7. h3 Bh5 8. Be2 Nc6 9. Ne5 Bxe2 10. Qxe2 Nxe5 11. dxe5 Nd7 12. f4 Bc5 13. Kh1 0-0 14. Nc3 Qe7 15. e4 Rad8 16. Be3 Bb4 17. Bd4 Nb8 18. Bf2 Nc6 19. Qh5 Qe8 20. Qg4 Be7 21. Bg3 Rd3 22. f5 h5 23. Qxh5 Rxg3 24. f6 Bc5 25. Rf4 Rg6 26. Rh4 Rh6 27. Qg5 Rg6 28. Qh5 Rh6 29. Qg5 1/2-1/2

[Event "Helsingor Xtracon op"]
[Site "Helsingor"]
[Date "2016.07.29"]
[Round "8"]
[White "Roe, Simon J"]
[Black "Schmitt, Carsten1111"]
[Result "1/2-1/2"]
[WhiteElo "2238"]
[BlackElo "2008"]
[PlyCount "77"]
[EventDate "2016.07.23"]
[EventType "swiss"]
[EventRounds "10"]
[EventCountry "DEN"]
[SourceTitle "CBM 173 Extra"]
[Source "ChessBase"]
[SourceDate "2016.08.29"]
[SourceVersion "1"]
[SourceVersionDate "2016.08.29"]
[SourceQuality "1"]

1. Nf3 d5 2. c4 e6 3. g3 c5 4. cxd5 exd5 5. d4 Nf6 6. Bg2 Be7 7. Nc3 Nc6 8. 0-0 0-0 9. dxc5 Bxc5 10. Bg5 d4 11. Ne4 Be7 12. Bxf6 Bxf6 13. b4 a6 14. a4 Nxb4 15. Nxf6+ Qxf6 16. Qxd4 Qe7 17. Qb6 Nc6 18. e3 Rb8 19. Rac1 Qb4 20. Qxb4 Nxb4 21. Nd4 a5 22. Rc5 b6 23. Rc7 Rd8 24. Rb1 Bd7 25. Bc6 Bc8 26. Be4 Bd7 27. Bc6 Bc8 28. Bf3 Bd7 29. Nc6 Bxc6 30. Bxc6 Rbc8 31. Rxc8 Rxc8 32. Bb7 Rc7 33. Rd1 Kf8 34. Rd8+ Ke7 35. Rb8 Nc6 36. Bxc6 Rxc6 37. Rb7+ Ke8 38. f4 Rc4 39. Rxb6 1/2-1/2